|
|
|
|
| LEADER |
02669nam a22003853i 4500 |
| 001 |
EBC6637723 |
| 003 |
MiAaPQ |
| 005 |
20231204023217.0 |
| 006 |
m o d | |
| 007 |
cr cnu|||||||| |
| 008 |
231204s2019 xx o ||||0 ger d |
| 020 |
|
|
|a 9783110595925
|q (electronic bk.)
|
| 020 |
|
|
|z 9783110595796
|
| 035 |
|
|
|a (MiAaPQ)EBC6637723
|
| 035 |
|
|
|a (Au-PeEL)EBL6637723
|
| 035 |
|
|
|a (OCoLC)1129159864
|
| 040 |
|
|
|a MiAaPQ
|b eng
|e rda
|e pn
|c MiAaPQ
|d MiAaPQ
|
| 100 |
1 |
|
|a Binder, Thomas.
|
| 245 |
1 |
0 |
|a Franz Brentano und Sein Philosophischer Nachlass.
|
| 250 |
|
|
|a 1st ed.
|
| 264 |
|
1 |
|a Berlin/Boston :
|b Walter de Gruyter GmbH,
|c 2019.
|
| 264 |
|
4 |
|c ©2019.
|
| 300 |
|
|
|a 1 online resource (512 pages)
|
| 336 |
|
|
|a text
|b txt
|2 rdacontent
|
| 337 |
|
|
|a computer
|b c
|2 rdamedia
|
| 338 |
|
|
|a online resource
|b cr
|2 rdacarrier
|
| 490 |
1 |
|
|a Textologie Series ;
|v v.4
|
| 505 |
0 |
|
|a Intro -- Inhalt -- 1. Einleitung -- Teil I. Franz Brentano (1838-1917) -- 2. Franz Brentanos Leben -- 3. Die Psychologie vom empirischen Standpunkte: Ein „gescheiterter" Klassiker? -- Teil II. Der Nachlass und seine Geschichte -- 4. Die Erben: Gio Brentano, Oskar Kraus und Alfred Kastil -- 5. Kraus und Kastil als Editoren der Schriften Brentanos -- 6. Die Prager Brentano-Gesellschaft -- 7. Das Brentano Institute in Oxford -- 8. Franziska Mayer-Hillebrand: Herausgeberin und Biographin Brentanos -- 9. Roderick M. Chisholm: Brentano als analytischer Philosoph -- 10. Der gegenwärtige Stand und was zu tun bleibt -- Teil III. Anhang -- Anhang 1: Zeittafel Franz Brentano -- Anhang 2: Zeittafel Nachlass -- Anhang 3: Uneingelöste Publikationsankündigungen Brentanos -- Anhang 4: Verzeichnis der benutzten unveröffentlichten Archivdokumente -- Anhang 5: Werkmanuskripte aus dem Nachlass Brentanos -- Anhang 6: Historische Verzeichnisse -- Anhang 7: Sonstige unveröffentlichte Dokumente zum Nachlass -- Anhang 8: Standorte der einzelnen Teilnachlässe heute -- Literaturverzeichnis -- Personenregister -- Sachregister -- Danksagung.
|
| 588 |
|
|
|a Description based on publisher supplied metadata and other sources.
|
| 590 |
|
|
|a Electronic reproduction. Ann Arbor, Michigan : ProQuest Ebook Central, 2023. Available via World Wide Web. Access may be limited to ProQuest Ebook Central affiliated libraries.
|
| 655 |
|
4 |
|a Electronic books.
|
| 776 |
0 |
8 |
|i Print version:
|a Binder, Thomas
|t Franz Brentano und Sein Philosophischer Nachlass
|d Berlin/Boston : Walter de Gruyter GmbH,c2019
|z 9783110595796
|
| 797 |
2 |
|
|a ProQuest (Firm)
|
| 830 |
|
0 |
|a Textologie Series
|
| 856 |
4 |
0 |
|u https://ebookcentral.proquest.com/lib/matrademy/detail.action?docID=6637723
|z Click to View
|